Prezydenci Stanów Zjednoczonych #3 - Statystyki

Ogólne statystyki
  • Ten quiz został rozwiązany 5 razy
  • Średni wynik to 10 z 12
Statystyki odpowiedzi
Obrazkowy Odpowiedź % Poprawnych
Dwight Eisenhower
100%
Franklin Roosevelt
100%
Harry Truman
100%
John Kennedy
100%
Lyndon Johnson
100%
Theodore Roosevelt
100%
Woodrow Wilson
100%
Herbert Hoover
80%
William Taft
60%
Calvin Coolidge
40%
Warren Harding
40%
William McKinley
40%
Nie znaleziono quizów pasujących do podanych kryteriów
Rozkład punktacji
Procent ludzi z każdym wynikiem
Percentyl według liczby udzielonych odpowiedzi
Twoja historia wyników
Nie rozwiązałeś tego quizu